[Event "Asian Junior Chess Championships 2017 - Girls"]
[Site "Shiraz, Iran"]
[Date "2017.05.06"]
[Round "5"]
[Board "3"]
[White "Isha, Sharma"]
[Black "Alinasab, Mobina"]
[Result "1/2-1/2"]
[WhiteElo "2084"]
[BlackElo "2226"]
[PlyCount "0"]
[EventDate "2017.05.03"]
[EventRounds "9"]
[EventCountry "IRI"]

1. e4 {[%clk 1:30:56]} e6 {[%clk 1:30:26]} 2. d3 {[%clk 1:31:18]} d5
{[%clk 1:30:51]} 3. Nd2 {[%clk 1:31:44]} Nf6 {[%clk 1:31:18]} 4. Ngf3
{[%clk 1:32:09]} b6 {[%clk 1:31:24]} 5. c3 {[%clk 1:32:25]} dxe4 {[%clk 1:30:59]}
6. dxe4 {[%clk 1:32:36]} Bb7 {[%clk 1:31:04]} 7. e5 {[%clk 1:28:23]} Nfd7
{[%clk 1:29:40]} 8. Bc4 {[%clk 1:26:04]} c5 {[%clk 1:09:46]} 9. O-O
{[%clk 1:23:56]} Qc7 {[%clk 1:09:43]} 10. Qe2 {[%clk 1:22:18]} Nc6
{[%clk 1:09:54]} 11. Re1 {[%clk 1:22:00]} O-O-O {[%clk 1:09:15]} 12. Nb3
{[%clk 1:13:40]} h6 {[%clk 1:07:54]} 13. h4 {[%clk 1:09:40]} g6 {[%clk 0:49:56]}
14. a4 {[%clk 1:06:28]} Bg7 {[%clk 0:49:27]} 15. Bf4 {[%clk 1:06:18]} g5
{[%clk 0:47:11]} 16. Bg3 {[%clk 0:47:55]} g4 {[%clk 0:40:30]} 17. Nfd2
{[%clk 0:46:18]} Bxe5 {[%clk 0:40:29]} 18. a5 {[%clk 0:45:43]} Bxg3
{[%clk 0:35:40]} 19. fxg3 {[%clk 0:46:06]} Nde5 {[%clk 0:14:12]} 20. Ba6
{[%clk 0:42:25]} Kb8 {[%clk 0:09:17]} 21. Bxb7 {[%clk 0:41:14]} Qxb7
{[%clk 0:09:41]} 22. axb6 {[%clk 0:41:31]} axb6 {[%clk 0:10:07]} 23. Qb5
{[%clk 0:39:59]} Kc7 {[%clk 0:07:22]} 24. Nc4 {[%clk 0:34:42]} Nxc4
{[%clk 0:02:14]} 25. Qxc4 {[%clk 0:35:07]} h5 {[%clk 0:02:28]} 26. Ra6
{[%clk 0:32:43]} Rd7 {[%clk 0:00:58]} 27. Rea1 {[%clk 0:32:22]} Rhd8
{[%clk 0:00:54]} 28. Nd4 {[%clk 0:24:40]} Rxd4 {[%clk 0:00:50]} 29. cxd4
{[%clk 0:25:09]} Rxd4 {[%clk 0:01:13]} 30. Qf1 {[%clk 0:24:45]} f5
{[%clk 0:01:14]} 31. Ra8 {[%clk 0:25:06]} Rd8 {[%clk 0:00:49]} 32. Rxd8
{[%clk 0:25:06]} Kxd8 {[%clk 0:00:44]} 33. Qe2 {[%clk 0:24:15]} Kd7
{[%clk 0:00:37]} 34. Qd2+ {[%clk 0:21:02]} Nd4 {[%clk 0:00:49]} 35. Qh6
{[%clk 0:20:21]} Qe4 {[%clk 0:01:03]} 36. Qg7+ {[%clk 0:16:18]} Kc6
{[%clk 0:00:54]} 37. Qa7 {[%clk 0:15:08]} Qe3+ {[%clk 0:01:05]} 38. Kh2
{[%clk 0:14:57]} Qf2 {[%clk 0:00:36]} 39. Qa8+ {[%clk 0:14:56]} Kd6
{[%clk 0:00:51]} 40. Qb8+ {[%clk 0:14:21]} Kc6 {[%clk 0:01:03]} 41. Qa8+
{[%clk 0:14:28]} Kd6 {[%clk 0:01:27]} 42. Qb8+ {[%clk 0:14:50]} Kc6
{[%clk 0:01:37]} 43. b4 {[%clk 0:07:50]} cxb4 {[%clk 0:01:02]} 44. Rc1+
{[%clk 0:05:46]} Kd5 {[%clk 0:01:26]} 45. Qb7+ {[%clk 0:02:49]} Ke5
{[%clk 0:01:34]} 46. Qg7+ {[%clk 0:03:14]} Kd5 {[%clk 0:01:15]} 47. Qb7+
{[%clk 0:03:21]} Ke5 {[%clk 0:01:41]} 48. Qg7+ {[%clk 0:03:45]} Kd5
{[%clk 0:02:07]} 49. Qb7+ {[%clk 0:04:10]}  1/2-1/2

[Event "Asian Junior Chess Championships 2017 - Girls"]
[Site "Shiraz, Iran"]
[Date "2017.05.07"]
[Round "6"]
[Board "1"]
[White "Bidhar, Rutumbara"]
[Black "Ivana Maria, Furtado"]
[Result "1/2-1/2"]
[WhiteElo "1964"]
[BlackElo "2132"]
[PlyCount "0"]
[EventDate "2017.05.03"]
[EventRounds "9"]
[EventCountry "IRI"]

1. d4 {[%clk 1:30:57]} d5 {[%clk 1:29:10]} 2. c4 {[%clk 1:31:22]} Nc6
{[%clk 1:29:16]} 3. e3 {[%clk 1:31:27]} Nf6 {[%clk 1:28:25]} 4. cxd5
{[%clk 1:31:01]} Nxd5 {[%clk 1:26:15]} 5. Nc3 {[%clk 1:31:13]} g6
{[%clk 1:24:30]} 6. e4 {[%clk 1:31:26]} Nxc3 {[%clk 1:24:46]} 7. bxc3
{[%clk 1:31:51]} Bg7 {[%clk 1:23:57]} 8. Be3 {[%clk 1:32:15]} O-O
{[%clk 1:23:33]} 9. Rc1 {[%clk 1:30:58]} e5 {[%clk 1:22:07]} 10. d5
{[%clk 1:26:46]} Nb8 {[%clk 1:15:24]} 11. Bd3 {[%clk 1:21:30]} c6
{[%clk 1:12:59]} 12. c4 {[%clk 1:20:05]} b5 {[%clk 1:12:37]} 13. dxc6
{[%clk 1:12:39]} Nxc6 {[%clk 1:09:24]} 14. cxb5 {[%clk 1:09:10]} Nd4
{[%clk 1:08:13]} 15. Ne2 {[%clk 1:08:18]} a6 {[%clk 1:07:37]} 16. a4
{[%clk 1:05:20]} axb5 {[%clk 1:07:33]} 17. axb5 {[%clk 1:05:38]} Ra3  1/2-1/2

[Event "Asian Junior Chess Championships 2017 - Girls"]
[Site "Shiraz, Iran"]
[Date "2017.05.07"]
[Round "6"]
[Board "2"]
[White "Mahdian, Anousha"]
[Black "Harshita, Guddanti"]
[Result "1-0"]
[WhiteElo "1871"]
[BlackElo "2007"]
[PlyCount "0"]
[EventDate "2017.05.03"]
[EventRounds "9"]
[EventCountry "IRI"]

1. d4 {[%clk 1:30:29]} Nf6 {[%clk 1:29:27]} 2. c4 {[%clk 1:30:55]} e6
{[%clk 1:29:53]} 3. Nc3 {[%clk 1:31:20]} Bb4 {[%clk 1:29:47]} 4. Qc2
{[%clk 1:31:44]} O-O {[%clk 1:30:09]} 5. e4 {[%clk 1:32:12]} d5 {[%clk 1:29:30]}
6. e5 {[%clk 1:32:35]} Ne4 {[%clk 1:29:46]} 7. Bd3 {[%clk 1:33:01]} c5
{[%clk 1:27:34]} 8. Nge2 {[%clk 1:33:15]} cxd4 {[%clk 1:23:18]} 9. Nxd4
{[%clk 1:33:39]} Nd7 {[%clk 1:19:19]} 10. Bf4 {[%clk 1:34:03]} Ndc5
{[%clk 1:17:26]} 11. O-O {[%clk 1:34:27]} Nxd3 {[%clk 1:12:38]} 12. Qxd3
{[%clk 1:34:50]} Nxc3 {[%clk 1:04:30]} 13. bxc3 {[%clk 1:35:15]} Bc5
{[%clk 1:04:21]} 14. Qg3 {[%clk 1:26:37]} Bxd4 {[%clk 1:00:33]} 15. cxd4
{[%clk 1:27:00]} Kh8 {[%clk 0:59:52]} 16. c5 {[%clk 1:25:28]} b6 {[%clk 0:54:01]}
17. c6 {[%clk 1:16:03]} Ba6 {[%clk 0:50:21]} 18. Rfc1 {[%clk 1:16:24]} Rc8
{[%clk 0:47:20]} 19. Bg5 {[%clk 1:16:11]} f6 {[%clk 0:45:19]} 20. exf6
{[%clk 1:13:59]} gxf6 {[%clk 0:45:40]} 21. Bf4 {[%clk 1:12:09]} Qe8
{[%clk 0:43:19]} 22. c7 {[%clk 1:09:35]} Rg8 {[%clk 0:39:24]} 23. Qa3
{[%clk 1:09:24]} Qg6 {[%clk 0:36:55]} 24. Bg3 {[%clk 1:08:08]} Bd3
{[%clk 0:32:31]} 25. Rc3 {[%clk 0:51:00]} Bc4 {[%clk 0:20:18]} 26. Qxa7
{[%clk 0:47:52]} Ra8 {[%clk 0:19:07]} 27. Qxb6 {[%clk 0:47:10]} h5
{[%clk 0:18:27]} 28. h4 {[%clk 0:46:33]} Qg4 {[%clk 0:17:43]} 29. a4
{[%clk 0:36:44]} Rae8 {[%clk 0:12:03]} 30. a5 {[%clk 0:36:39]} Qg7
{[%clk 0:11:27]} 31. Re3 {[%clk 0:35:47]} e5 {[%clk 0:11:30]} 32. dxe5
{[%clk 0:35:58]} f5 {[%clk 0:10:44]} 33. Qf6 {[%clk 0:33:59]}  1-0

[Event "Asian Junior Chess Championships 2017 - Girls"]
[Site "Shiraz, Iran"]
[Date "2017.05.07"]
[Round "6"]
[Board "3"]
[White "Alinasab, Mobina"]
[Black "Sebt Rasoul, Seyede Setare"]
[Result "1/2-1/2"]
[WhiteElo "2226"]
[BlackElo "1745"]
[PlyCount "0"]
[EventDate "2017.05.03"]
[EventRounds "9"]
[EventCountry "IRI"]

1. e4 {[%clk 1:30:56]} c5 {[%clk 1:30:45]} 2. Nf3 {[%clk 1:31:19]} e6
{[%clk 1:31:11]} 3. d4 {[%clk 1:31:46]} cxd4 {[%clk 1:31:37]} 4. Nxd4
{[%clk 1:32:12]} a6 {[%clk 1:32:01]} 5. Nc3 {[%clk 1:32:39]} Qc7 {[%clk 1:32:27]}
6. g3 {[%clk 1:33:01]} Bb4 {[%clk 1:32:19]} 7. Bd2 {[%clk 1:32:54]} Nf6
{[%clk 1:32:06]} 8. Bg2 {[%clk 1:33:19]} O-O {[%clk 1:32:18]} 9. O-O
{[%clk 1:33:39]} Nc6 {[%clk 1:25:45]} 10. Nb3 {[%clk 1:23:44]} Be7
{[%clk 1:22:03]} 11. f4 {[%clk 1:16:46]} d6 {[%clk 1:21:47]} 12. a4
{[%clk 1:16:08]} Re8 {[%clk 1:17:23]} 13. Kh1 {[%clk 1:16:00]} Bf8
{[%clk 1:16:06]} 14. g4 {[%clk 1:15:10]} b6 {[%clk 1:09:50]} 15. g5
{[%clk 1:14:16]} Nd7 {[%clk 1:10:15]} 16. Qh5 {[%clk 1:08:52]} g6
{[%clk 1:06:15]} 17. Qh4 {[%clk 1:09:07]} Ne7 {[%clk 0:54:49]} 18. Nd1
{[%clk 0:32:30]} d5 {[%clk 0:37:09]} 19. exd5 {[%clk 0:31:59]} exd5
{[%clk 0:37:10]} 20. Ne3 {[%clk 0:32:22]} Bg7 {[%clk 0:34:48]} 21. f5
{[%clk 0:30:00]} gxf5 {[%clk 0:29:54]} 22. Bc3 {[%clk 0:21:19]} Ne5
{[%clk 0:21:32]} 23. Nd4 {[%clk 0:20:26]} N5g6 {[%clk 0:20:41]} 24. Qf2
{[%clk 0:19:13]} f4 {[%clk 0:19:13]} 25. Nxd5 {[%clk 0:17:14]} Nxd5
{[%clk 0:19:32]} 26. Bxd5 {[%clk 0:17:43]} Bb7 {[%clk 0:19:54]} 27. Bxb7
{[%clk 0:17:54]} Qxb7+ {[%clk 0:20:23]} 28. Kg1 {[%clk 0:15:33]} Qd5
{[%clk 0:20:17]} 29. Nf3 {[%clk 0:10:47]} Bxc3 {[%clk 0:20:04]} 30. bxc3
{[%clk 0:11:16]} Re3 {[%clk 0:19:48]} 31. h4 {[%clk 0:10:35]} Qc5
{[%clk 0:18:48]} 32. h5 {[%clk 0:06:22]} Rxf3 {[%clk 0:16:14]} 33. Qxc5
{[%clk 0:06:51]} Rg3+ {[%clk 0:16:18]} 34. Kh2 {[%clk 0:07:20]} bxc5
{[%clk 0:16:41]} 35. hxg6 {[%clk 0:07:48]} hxg6 {[%clk 0:15:57]} 36. Rxf4
{[%clk 0:07:43]} Rxc3 {[%clk 0:16:18]} 37. Rf2 {[%clk 0:07:15]} a5
{[%clk 0:15:01]} 38. Rd1 {[%clk 0:06:22]} Rc4 {[%clk 0:14:59]} 39. Rd7
{[%clk 0:06:48]} Rxa4 {[%clk 0:08:22]} 40. Rfxf7 {[%clk 0:07:02]} Rc4
{[%clk 0:07:22]} 41. Rg7+ {[%clk 0:07:20]} Kf8 {[%clk 0:07:15]} 42. Rdf7+
{[%clk 0:03:49]} Ke8 {[%clk 0:07:40]} 43. Re7+ {[%clk 0:03:33]} Kf8
{[%clk 0:07:45]} 44. Ref7+ {[%clk 0:03:45]} Ke8 {[%clk 0:08:11]} 45. Rb7
{[%clk 0:01:34]} Rf4 {[%clk 0:06:08]} 46. Rxg6 {[%clk 0:01:17]} a4
{[%clk 0:05:40]} 47. Kg3 {[%clk 0:01:13]} Rf8 {[%clk 0:05:48]} 48. Rgg7
{[%clk 0:01:07]} a3 {[%clk 0:05:54]} 49. Ra7 {[%clk 0:01:04]} Rxa7
{[%clk 0:04:30]} 50. Rxa7 {[%clk 0:01:33]} Rf5 {[%clk 0:04:30]} 51. Kg4
{[%clk 0:00:39]} Rf2 {[%clk 0:04:49]} 52. Rxa3 {[%clk 0:00:32]} Rxc2
{[%clk 0:05:13]} 53. Kf5 {[%clk 0:00:48]} Kf7 {[%clk 0:03:45]} 54. Ra7+
{[%clk 0:01:13]} Kf8 {[%clk 0:04:10]} 55. Kf6 {[%clk 0:00:34]} Rf2+
{[%clk 0:04:29]} 56. Ke5 {[%clk 0:00:32]} c4 {[%clk 0:04:06]} 57. Rc7
{[%clk 0:00:55]} c3 {[%clk 0:04:04]} 58. Rxc3 {[%clk 0:00:40]} Kg7
{[%clk 0:04:30]} 59. Rc6 {[%clk 0:00:38]} Rf1 {[%clk 0:04:37]} 60. Rd6
{[%clk 0:00:34]} Rf2 {[%clk 0:04:59]} 61. Ke4 {[%clk 0:00:33]} Rf1
{[%clk 0:05:18]} 62. Ke5 {[%clk 0:00:34]} Rf2 {[%clk 0:05:41]} 63. Rf6
{[%clk 0:00:51]} Rxf6 {[%clk 0:06:04]} 64. gxf6+ {[%clk 0:01:18]} Kf7
{[%clk 0:06:28]}  1/2-1/2

[Event "Asian Junior Chess Championships 2017 - Girls"]
[Site "Shiraz, Iran"]
[Date "2017.05.08"]
[Round "7"]
[Board "1"]
[White "Ivana Maria, Furtado"]
[Black "Alinasab, Mobina"]
[Result "1-0"]
[WhiteElo "2132"]
[BlackElo "2226"]
[PlyCount "0"]
[EventDate "2017.05.03"]
[EventRounds "9"]
[EventCountry "IRI"]

1. d4 {[%clk 1:30:45]} e6 {[%clk 1:30:54]} 2. g3 {[%clk 1:31:11]} Nf6
{[%clk 1:30:58]} 3. Bg2 {[%clk 1:31:35]} c5 {[%clk 1:30:51]} 4. Nf3
{[%clk 1:31:44]} cxd4 {[%clk 1:31:14]} 5. Nxd4 {[%clk 1:31:53]} a6
{[%clk 1:31:33]} 6. O-O {[%clk 1:30:09]} Qc7 {[%clk 1:31:56]} 7. e4
{[%clk 1:28:36]} d6 {[%clk 1:32:20]} 8. Qe2 {[%clk 1:23:24]} Be7 {[%clk 1:32:35]}
9. c4 {[%clk 1:22:45]} O-O {[%clk 1:31:06]} 10. Nc3 {[%clk 1:20:21]} Nc6
{[%clk 1:28:02]} 11. Nc2 {[%clk 1:17:32]} b6 {[%clk 1:27:49]} 12. Rd1
{[%clk 1:11:01]} Bb7 {[%clk 1:28:09]} 13. Ne3 {[%clk 1:10:05]} Rac8
{[%clk 1:27:04]} 14. b3 {[%clk 1:09:21]} Rfe8 {[%clk 1:26:34]} 15. Bb2
{[%clk 1:09:32]} Qb8 {[%clk 1:24:54]} 16. Rac1 {[%clk 1:08:51]} Na7
{[%clk 1:20:00]} 17. f4 {[%clk 0:59:08]} Qa8 {[%clk 0:50:57]} 18. Na4
{[%clk 0:53:29]} Nd7 {[%clk 0:49:41]} 19. e5 {[%clk 0:49:37]} Bxg2
{[%clk 0:47:55]} 20. Qxg2 {[%clk 0:46:05]} Qb8 {[%clk 0:43:42]} 21. Nc3
{[%clk 0:37:38]} Red8 {[%clk 0:35:01]} 22. exd6 {[%clk 0:35:44]} Bxd6
{[%clk 0:35:25]} 23. Ne4 {[%clk 0:36:06]} Bf8 {[%clk 0:27:33]} 24. Ng4
{[%clk 0:36:07]} Be7 {[%clk 0:23:42]} 25. Bxg7 {[%clk 0:25:40]} Kxg7
{[%clk 0:08:21]} 26. Qb2+ {[%clk 0:25:50]} f6 {[%clk 0:04:30]} 27. Rxd7
{[%clk 0:25:12]} Rxd7 {[%clk 0:04:28]} 28. Ngxf6 Ba3 {[%clk 0:02:12]} 29. Qxa3
{[%clk 0:19:27]} Rf7 {[%clk 0:00:42]} 30. Qb2 {[%clk 0:19:45]} Kf8
{[%clk 0:00:35]} 31. Ng5 {[%clk 0:19:42]} Re7 {[%clk 0:00:34]} 32. Nfxh7+
{[%clk 0:19:40]} Kg8 {[%clk 0:00:35]} 33. Nf6+ {[%clk 0:17:44]} Kf8
{[%clk 0:01:02]} 34. Rd1 {[%clk 0:18:05]} Qc7 {[%clk 0:00:39]} 35. Nd7+
{[%clk 0:15:45]} Kg8 {[%clk 0:00:36]} 36. Nf6+ {[%clk 0:11:35]} Kf8
{[%clk 0:01:04]} 37. h4 {[%clk 0:10:18]} Rd8 {[%clk 0:00:59]} 38. Rxd8+
{[%clk 0:09:21]} Qxd8 {[%clk 0:01:28]} 39. h5 {[%clk 0:09:18]} Qd1+
{[%clk 0:01:14]} 40. Kh2 {[%clk 0:09:31]} Nc6 {[%clk 0:00:48]} 41. h6
{[%clk 0:08:22]} Nd4 {[%clk 0:00:35]} 42. Qg2 {[%clk 0:04:12]} Qc2
{[%clk 0:00:34]} 43. Qxc2 {[%clk 0:03:31]} Nxc2 {[%clk 0:01:03]} 44. Ng4
{[%clk 0:03:48]} Re8 {[%clk 0:00:46]} 45. Ne5 {[%clk 0:03:43]} Ke7
{[%clk 0:00:35]} 46. h7 {[%clk 0:03:46]} Kf6 {[%clk 0:00:38]} 47. Nef7
{[%clk 0:03:54]} Nb4 {[%clk 0:00:35]} 48. a3 {[%clk 0:03:45]} Nc6
{[%clk 0:00:39]} 49. h8=Q+ {[%clk 0:04:03]} Rxh8+ {[%clk 0:01:08]} 50. Nxh8
{[%clk 0:04:28]} Na5 {[%clk 0:01:31]} 51. Nhf7 {[%clk 0:04:18]} Nxb3
{[%clk 0:01:42]} 52. Ne5 {[%clk 0:04:43]} Ke7 {[%clk 0:02:08]} 53. Ne4
{[%clk 0:05:04]} Nd4 {[%clk 0:01:57]} 54. Kg2 {[%clk 0:04:48]} b5
{[%clk 0:01:56]} 55. cxb5 {[%clk 0:04:59]} axb5 {[%clk 0:02:23]} 56. Nc3
{[%clk 0:05:20]} Kd6 {[%clk 0:02:49]} 57. g4 {[%clk 0:05:38]} Kc5
{[%clk 0:02:25]} 58. g5 {[%clk 0:05:27]} b4 {[%clk 0:02:47]} 59. axb4+
{[%clk 0:04:52]}  1-0

[Event "Asian Junior Chess Championships 2017 - Girls"]
[Site "Shiraz, Iran"]
[Date "2017.05.08"]
[Round "7"]
[Board "2"]
[White "Mahdian, Anousha"]
[Black "Bidhar, Rutumbara"]
[Result "0-1"]
[WhiteElo "1871"]
[BlackElo "1964"]
[PlyCount "0"]
[EventDate "2017.05.03"]
[EventRounds "9"]
[EventCountry "IRI"]

1. d4 {[%clk 1:28:34]} f5 {[%clk 1:30:51]} 2. c4 {[%clk 1:28:45]} Nf6
{[%clk 1:31:15]} 3. Nc3 {[%clk 1:29:03]} g6 {[%clk 1:31:41]} 4. g3
{[%clk 1:29:07]} Bg7 {[%clk 1:32:05]} 5. Bg2 {[%clk 1:29:32]} O-O
{[%clk 1:32:28]} 6. Qc2 {[%clk 1:21:23]} d6 {[%clk 1:32:39]} 7. Nf3
{[%clk 1:20:56]} Nbd7 {[%clk 1:33:04]} 8. Ng5 {[%clk 1:17:13]} Nb6
{[%clk 1:30:50]} 9. Qb3 {[%clk 1:02:12]} c5 {[%clk 1:30:22]} 10. dxc5
{[%clk 1:01:01]} dxc5 {[%clk 1:30:50]} 11. Be3 {[%clk 1:00:34]} h6
{[%clk 1:28:58]} 12. Nf3 {[%clk 0:53:14]} Nbd7 {[%clk 1:24:17]} 13. h3
{[%clk 0:47:41]} e5 {[%clk 1:20:53]} 14. O-O {[%clk 0:46:04]} Qe7
{[%clk 1:14:58]} 15. a4 {[%clk 0:41:36]} g5 {[%clk 1:09:11]} 16. Ne1
{[%clk 0:37:27]} f4 {[%clk 1:03:02]} 17. Bd2 {[%clk 0:37:04]} Rb8
{[%clk 0:55:32]} 18. a5 {[%clk 0:35:07]} Kh8 {[%clk 0:55:26]} 19. Nb5
{[%clk 0:33:14]} a6 {[%clk 0:54:55]} 20. Nc3 {[%clk 0:33:21]} Rd8
{[%clk 0:51:00]} 21. Qc2 {[%clk 0:25:31]} Nf8 {[%clk 0:46:52]} 22. Nd5
{[%clk 0:21:19]} Qd6 {[%clk 0:45:38]} 23. Rd1 {[%clk 0:18:25]} Ne6
{[%clk 0:42:46]} 24. e3 {[%clk 0:18:15]} Nxd5 {[%clk 0:37:56]} 25. cxd5
{[%clk 0:18:26]} Nc7 {[%clk 0:36:18]} 26. Qc4 {[%clk 0:13:49]} Bd7
{[%clk 0:35:03]} 27. Qc2 {[%clk 0:09:45]} Bb5 {[%clk 0:34:23]} 28. Nd3
{[%clk 0:09:48]} Qg6 {[%clk 0:25:25]} 29. Bc3 {[%clk 0:06:44]} Nxd5
{[%clk 0:22:18]} 30. e4 {[%clk 0:05:32]} Nxc3 {[%clk 0:20:17]} 31. Qxc3
{[%clk 0:05:57]} Qd6 {[%clk 0:18:18]} 32. Nxc5 {[%clk 0:05:39]} Qxd1
{[%clk 0:18:43]} 33. Rxd1 {[%clk 0:06:07]} Rxd1+ {[%clk 0:19:02]} 34. Kh2
{[%clk 0:06:36]} Rc8 {[%clk 0:16:51]} 35. Qf3 {[%clk 0:04:59]} Rd2
{[%clk 0:16:12]} 36. b4 {[%clk 0:05:04]} fxg3+ {[%clk 0:14:28]} 37. Qxg3
{[%clk 0:04:55]} Rf8 {[%clk 0:14:21]} 38. Bf3 {[%clk 0:03:56]} Rf6
{[%clk 0:11:45]} 39. Kg2 {[%clk 0:03:57]} Rc2 {[%clk 0:11:02]} 40. Bg4
{[%clk 0:02:03]} Rfxf2+ {[%clk 0:10:08]} 41. Qxf2 {[%clk 0:02:30]} Rxf2+
{[%clk 0:10:33]} 42. Kxf2 {[%clk 0:02:56]} Bf8 {[%clk 0:10:46]} 43. Nxb7
{[%clk 0:02:33]} Bxb4 {[%clk 0:11:09]} 44. Kf3 {[%clk 0:01:16]} Be7
{[%clk 0:11:35]} 45. Ke3 {[%clk 0:01:18]} Kg7 {[%clk 0:11:59]} 46. Bf5
{[%clk 0:01:15]} Kf8 {[%clk 0:12:05]} 47. Kd2 {[%clk 0:01:29]} Bc6
{[%clk 0:12:31]} 48. Bc8 {[%clk 0:01:51]} Bxe4 {[%clk 0:12:49]} 49. Kc3
{[%clk 0:02:16]} Bd5 {[%clk 0:12:36]} 50. Kd3 {[%clk 0:02:18]} Ke8
{[%clk 0:12:53]} 51. Kc3 {[%clk 0:01:49]} Bc6 {[%clk 0:12:56]} 52. Kc4
{[%clk 0:01:25]} Bd7 {[%clk 0:13:18]} 53. Nd6+ {[%clk 0:00:39]} Bxd6
{[%clk 0:13:46]} 54. Bxa6 {[%clk 0:01:04]} Bxh3 {[%clk 0:12:55]} 55. Bb5+
{[%clk 0:00:47]} Bd7 {[%clk 0:12:56]} 56. Ba6 {[%clk 0:00:54]} Bc7
{[%clk 0:13:13]} 57. Kd5 {[%clk 0:01:22]} Bxa5 {[%clk 0:13:11]} 58. Kxe5
{[%clk 0:01:48]} Ke7 {[%clk 0:13:30]} 59. Be2 {[%clk 0:02:15]} Bc7+
{[%clk 0:13:54]} 60. Ke4 {[%clk 0:02:41]} Kf6 {[%clk 0:14:16]} 61. Ke3
{[%clk 0:02:36]} g4 {[%clk 0:14:13]} 62. Kf2 {[%clk 0:02:58]} Kg5
{[%clk 0:14:36]} 63. Kg2 {[%clk 0:03:24]} h5 {[%clk 0:15:02]} 64. Bc4
{[%clk 0:03:47]} h4 {[%clk 0:15:28]} 65. Bd5 {[%clk 0:04:07]} Kf4
{[%clk 0:15:52]} 66. Ba8 {[%clk 0:04:29]} Bf5 {[%clk 0:16:17]} 67. Kh2
{[%clk 0:04:34]} g3+ {[%clk 0:16:40]} 68. Kg1 {[%clk 0:05:01]} Be4
{[%clk 0:16:57]} 69. Bxe4 {[%clk 0:05:19]} Kxe4 {[%clk 0:17:26]} 70. Kg2
{[%clk 0:05:43]} Ke3 {[%clk 0:17:51]} 71. Kg1 {[%clk 0:06:07]} h3
{[%clk 0:18:18]} 72. Kh1 {[%clk 0:06:33]} Kf3 {[%clk 0:18:42]} 73. Kg1
{[%clk 0:06:54]} h2+ {[%clk 0:19:08]}  0-1

[Event "Asian Junior Chess Championships 2017 - Girls"]
[Site "Shiraz, Iran"]
[Date "2017.05.08"]
[Round "7"]
[Board "3"]
[White "Meghna, C H"]
[Black "Hashemi, Seyede Fatemeh"]
[Result "1/2-1/2"]
[WhiteElo "1915"]
[BlackElo "1837"]
[PlyCount "0"]
[EventDate "2017.05.03"]
[EventRounds "9"]
[EventCountry "IRI"]

1. e4 {[%clk 1:30:46]} c5 {[%clk 1:30:47]} 2. Nf3 {[%clk 1:31:11]} e6
{[%clk 1:31:12]} 3. d4 {[%clk 1:31:38]} cxd4 {[%clk 1:31:38]} 4. Nxd4
{[%clk 1:32:05]} a6 {[%clk 1:32:00]} 5. Nc3 {[%clk 1:32:29]} b5 {[%clk 1:32:06]}
6. Bd3 {[%clk 1:32:55]} Qb6 {[%clk 1:32:19]} 7. Nf3 {[%clk 1:33:16]} Qc7
{[%clk 1:32:23]} 8. O-O {[%clk 1:33:39]} Bb7 {[%clk 1:32:00]} 9. Re1
{[%clk 1:33:49]} d6 {[%clk 1:31:47]} 10. a4 {[%clk 1:32:41]} b4 {[%clk 1:30:52]}
11. Na2 {[%clk 1:32:51]} Nc6 {[%clk 1:27:33]} 12. Bd2 {[%clk 1:32:20]} a5
{[%clk 1:26:54]} 13. c3 {[%clk 1:31:14]} bxc3 {[%clk 1:24:30]} 14. Nxc3
{[%clk 1:30:51]} Nf6 {[%clk 1:21:22]} 15. Rc1 {[%clk 1:25:23]} Be7
{[%clk 1:17:00]} 16. Bb5 {[%clk 1:01:10]} O-O {[%clk 1:11:17]} 17. Na2
{[%clk 0:59:30]} Rfc8 {[%clk 1:02:24]} 18. Qe2 {[%clk 0:50:45]} Qd8
{[%clk 0:58:12]} 19. Nc3 {[%clk 0:49:52]} Nb4 {[%clk 0:51:27]} 20. Red1
{[%clk 0:48:12]} d5 {[%clk 0:42:41]} 21. Be3 {[%clk 0:44:31]} Qf8
{[%clk 0:39:04]} 22. e5 {[%clk 0:42:20]} Ne4 {[%clk 0:35:31]} 23. Nxe4
{[%clk 0:37:35]} dxe4 {[%clk 0:35:20]} 24. Nd2 {[%clk 0:37:27]} Rxc1
{[%clk 0:30:35]} 25. Rxc1 {[%clk 0:37:56]} Rc8 {[%clk 0:30:09]} 26. Nc4
{[%clk 0:28:36]} Nd5 {[%clk 0:23:23]} 27. Nxa5 {[%clk 0:23:43]} Nxe3
{[%clk 0:21:29]} 28. Qxe3 {[%clk 0:24:12]} Bc5 {[%clk 0:19:27]} 29. Rxc5
{[%clk 0:21:28]} Qxc5 {[%clk 0:17:50]} 30. Qxc5 {[%clk 0:21:51]} Rxc5
{[%clk 0:18:13]} 31. Nxb7 {[%clk 0:22:19]} Rc1+ {[%clk 0:18:05]} 32. Bf1
{[%clk 0:22:48]} Rb1 {[%clk 0:17:49]} 33. a5 {[%clk 0:18:51]} Rxb2
{[%clk 0:18:07]} 34. a6 {[%clk 0:19:19]} Ra2 {[%clk 0:18:30]} 35. g3
{[%clk 0:15:57]} Kf8 {[%clk 0:17:42]} 36. Bb5 {[%clk 0:16:01]} Ra1+
{[%clk 0:17:45]} 37. Kg2 {[%clk 0:16:25]} Ke7 {[%clk 0:17:33]} 38. Nd6
{[%clk 0:13:28]} f6 {[%clk 0:14:56]} 39. exf6+ {[%clk 0:13:23]} gxf6
{[%clk 0:15:10]} 40. Nxe4 {[%clk 0:13:49]} f5 {[%clk 0:14:04]} 41. Nc5
{[%clk 0:07:31]} Kd6 {[%clk 0:12:29]} 42. Nb7+ {[%clk 0:08:00]} Kc7
{[%clk 0:12:25]}  1/2-1/2